000 00627nas a2200217 4500
001 BR8802401
003 BR-BrBNA
005 20231205091123.0
007 ta
008 230509b bl.|||p| |||| 00| 00por d
040 _aBR-BrBNA
_bpor
_cBiblioteca Nacional de Agricultura
041 _a(En)
072 _aP01
100 1 _aEiten, G.
245 1 _aVegetation near Santa Teresinha, ne Mato Grosso
650 _aVEGETACAO
650 _aMATO GROSSO
773 0 _tActa Amazonica (Brazil)
_xISSN 0044-5967
_g(Sep-Dec 1985), v. 15(3-4) p. 275-301
_wBR8802401
909 _a202311
_bLúcia
_c55
_dLúcia Elande
942 _2AGRIS
_n0
_cANA
999 _c122916
_d122916